000 00369nam a2200133Ia 4500
005 20260328104331.0
008 260328s9999||||xx |||||||||||||| ||und||
100 _aVillegas, Benjamín
245 0 _aCartagena de Indias :
_b Visión Panoramica Desde El Aire /
_cBenjamín Villegas
260 _bVillegas Editores
300 _a230 p.
650 _aCOLOMBIA
942 _cBK
999 _c11718
_d11718